000 00450nam a2200181Ia 4500
003 GCL
008 140319s9999 xx 000 0 ara d
040 _aGCL /
_cGCL
082 0 4 _a398.2
_bس ا
100 1 _aسيد القمنى
245 1 0 _aالاسطورة و التراث /
_cسيد القمنى
300 _a324
490 _a
650 0 4 _aالديانات
650 0 4 _aالاساطير
650 0 4 _aالاسطورة
942 _2ddc
_cBK
999 _c38525
_d38525